The oystercatcher : from individuals to populations

Αποθηκεύτηκε σε:
Λεπτομέρειες βιβλιογραφικής εγγραφής
Άλλοι συγγραφείς: Goss-Custard, John (Επιμελητής έκδοσης)
Μορφή: Βιβλίο
Γλώσσα:English
Δημοσίευση: Oxford : Oxford University Press, 1996.
Σειρά:Oxford ornithology series ; ; 7
Θέματα:
Ετικέτες: Προσθήκη ετικέτας
Δεν υπάρχουν, Καταχωρήστε ετικέτα πρώτοι!

MARC

LEADER 00000cam a2200000 i 4500
001 1/102412
008 000224s1996 eng d
020 |a 0-19-854647-5 
035 |l 10058072 
040 |a GR-MY-UA  |b gre  |e aacr 
041 0 |a eng 
082 0 |a 598.33 
245 1 4 |a The oystercatcher :   |b from individuals to populations /   |c edited by John D. Goss-Custard.  
260 |a Oxford :   |b Oxford University Press,   |c 1996.  
300 |a 442 σ. :   |b σχ.  
490 1 |a (Oxford ornithology series  |v ; 7)  
504 |a Περιλαμβάνει βιβλιογραφικές παραπομπές και ευρετήριο.  
650 0 0 |a Oystercatcher  |x Behaviour. 
650 0 0 |a Oystercatcher  |x Ecology. 
650 0 0 |a Bird populations. 
700 1 |a Goss-Custard, John,  |e edt 
830 0 |a Oxford ornithology series ;  |v ; 7 
852 |a INST  |b LESVOS  |e 20000224  |h 598.33 OYS  |p 005100023842  |q 005100023842  |t BK  |y 0 
901 |a BIBL1-2000-1 
909 |a Λ  |b 074844 
922 |a 1ΕΛΗ  |b 200001  |c ΚΠΣ/ΤΠ  |d GLORY 
950 |a 107-1999-12-21 
970 |a ΤΖΑΦΕΡΗ  |b ΕΥΑΓΓΕΛΙΑ  |z 2000/02/24